Statistiques concernant Communes des Bouches-du-Rhône

Cliquez ici pour prendre le quiz!

Statistiques générales

  • Ce quiz a été pris 401 fois
  • Le résultat moyen est 53 sur 119

Statistiques - réponses

HintRéponse% Correct
MMarseille
97%
AAix-en-Provence
93%
AArles
87%
MMartigues
86%
IIstres
85%
AAubagne
84%
CCassis
80%
MMarignane
78%
VVitrolles
76%
SSalon-de-Provence
75%
CCiotat (La)
74%
GGardanne
70%
BBerre-l'Étang
69%
FFos-sur-Mer
68%
MMiramas
67%
AAllauch
64%
CCarry-le-Rouet
61%
RRognac
60%
TTrets
59%
SSaint-Rémy-de-Provence
58%
PPenne-sur-Huveaune (La)
57%
PPennes-Mirabeau (Les)
56%
TTarascon
56%
GGémenos
54%
PPort-de-Bouc
54%
GGignac-la-Nerthe
52%
SSaint-Martin-de-Crau
52%
AAuriol
51%
CChâteauneuf-les-Martigues
51%
CChâteaurenard
51%
RRove (Le)
51%
BBouc-Bel-Air
50%
FFuveau
50%
LLambesc
50%
BBaux-de-Provence (Les)
49%
LLançon-Provence
49%
PPort-Saint-Louis-du-Rhône
49%
PPélissanne
48%
PPlan-de-Cuques
48%
FFare-les-Oliviers (La)
47%
OOrgon
47%
SSaintes-Maries-de-la-Mer
47%
SSénas
47%
SSeptèmes-les-Vallons
47%
BBarben (La)
46%
CCabriès
45%
CCuges-les-Pins
45%
SSaint-Cannat
44%
SSaint-Chamas
44%
DDestrousse (La)
43%
EÉguilles
43%
SSausset-les-Pins
43%
VVentabren
43%
CCarnoux-en-Provence
42%
VVelaux
42%
BBouilladisse (La)
41%
EEnsuès-la-Redonne
41%
EEyguières
41%
JJouques
41%
RRoque-d'Anthéron (La)
41%
SSaint-Victoret
41%
VVauvenargues
41%
GGrans
40%
MMeyreuil
40%
PPeypin
40%
PPlan-d'Orgon
40%
RRognes
40%
RRoquefort-la-Bédoule
40%
RRousset
40%
VVenelles
40%
SSimiane-Collongue
39%
GGréasque
38%
SSaint-Mitre-les-Remparts
38%
CCadolive
37%
EEygalières
37%
MMeyrargues
37%
AAlleins
36%
LLamanon
36%
MMaussane-les-Alpilles
36%
MMimet
36%
NNoves
36%
RRoquevaire
36%
SSaint-Paul-lès-Durance
36%
BBarbentane
35%
AAureille
33%
PPeynier
33%
TTholonet (Le)
33%
CChâteauneuf-le-Rouge
32%
CCornillon-Confoux
32%
CCoudoux
32%
PPuyloubier
32%
RRognonas
32%
SSaint-Marc-Jaumegarde
32%
BBelcodène
31%
MMallemort
31%
MMouriès
31%
PPeyrolles-en-Provence
30%
PPuy-Sainte-Réparade (Le)
30%
SSaint-Antonin-sur-Bayon
29%
CCabannes
28%
CCeyreste
28%
PParadou
28%
SSaint-Savournin
28%
VVernègues
28%
FFontvieille
26%
MMaillane
26%
MMas-Blanc-des-Alpilles
26%
SSaint-Andiol
26%
SSaint-Étienne-du-Grès
26%
CCharleval
25%
EEyragues
25%
BBoulbon
23%
GGraveson
23%
AAurons
22%
SSaint-Pierre-de-Mézoargues
21%
SSaint-Estève-Janson
20%
MMollégès
19%
BBeaurecueil
14%
VVerquières
14%

Distribution des résultats

Percentile par nombre de réponses

% des personnes avec chaque résultat

Votre développement - résultats

Vous n’avez pas pris ce quiz